000 02245cam a22002898i 4500
001 10584191
003 CaAEU
005 20250325150655.0
008 240709s2025 enk b 001 0 eng
010 _a 2024031632
020 _a9781398616622
_q(paperback)
040 _aDLC
_beng
_erda
_cDLC
042 _apcc
050 0 0 _aHF5549.5.M5
_bB454 2025
100 _aBell, Thomas Duncan,
_eauthor.
_925027
245 1 0 _aSpectrum of success
_b: how embracing neurodiversity can revolutionize your business
_c/ Thomas Duncan Bell.
264 1 _aLondon ;
_aNew York, NY :
_bKogan Page Inc.,
_c2025.
300 _a232 pages
504 _aIncludes bibliographical references and index.
505 _aUnderstanding neurodiversity — Understanding the fundamentals — The challenges of neurodiversity vocationally — Dispelling the neurodiversity myths — Empowering your business — Harnessing neurodivergence — The power of neurodiverse individuals and leaders — Creating an inclusive culture — Establishing sustainable change — Workplace wellbeing hacks — Championing neurodiversity — Final thoughts from The Bipolar Businessman.
520 _aUnlock the full potential of neurodiverse people and create a more inclusive, supportive and adaptive business with Spectrum of Success. 20% of the global population is neurodivergent, but the world isn't built for them. Their incredible talent becomes wasted when they don't have the opportunity to succeed. Spectrum of Success uncovers how we can create a more accessible work culture that champions neurodiversity and promotes allyship and collaboration. Through fascinating research and inspiring interviews with neurodiverse business leaders, mental health expert Thomas Duncan Bell uncovers how we can support and champion neurodiversity at work and beyond. Drawing upon his own experiences with ADHD and bipolar disorder, the book also offers an enlightening insight into how neurodiverse individuals can thrive in the modern world.
_cProvided by publisher.
650 0 _aDiversity in the workplace
_97273
650 0 _aNeurodivergent people
_xEmployment.
650 0 _aCreative thinking
_97027
650 0 _aOrganizational effectiveness
_92451
942 _2lcc
999 _c4584
_d4584